<?xml version="1.0" encoding="UTF-8"?>
<record
    xmlns:xsi="http://www.w3.org/2001/XMLSchema-instance"
    xsi:schemaLocation="http://www.loc.gov/MARC21/slim http://www.loc.gov/standards/marcxml/schema/MARC21slim.xsd"
    xmlns="http://www.loc.gov/MARC21/slim">

  <leader>00943nam a2200301Ia 4500</leader>
  <controlfield tag="003">GCL</controlfield>
  <controlfield tag="008">140319s9999    xx            000 0 ara d</controlfield>
  <datafield tag="040" ind1=" " ind2=" ">
    <subfield code="a">GCL / </subfield>
    <subfield code="c">GCL</subfield>
  </datafield>
  <datafield tag="082" ind1="0" ind2="4">
    <subfield code="a">153.34</subfield>
    <subfield code="b">&#x62F; &#x62A;</subfield>
  </datafield>
  <datafield tag="100" ind1="1" ind2=" ">
    <subfield code="a">&#x639;&#x627;&#x62F;&#x644; &#x639;&#x628;&#x62F;&#x627;&#x644;&#x643;&#x631;&#x64A;&#x645; &#x64A;&#x627;&#x633;&#x64A;&#x646;</subfield>
  </datafield>
  <datafield tag="245" ind1="1" ind2="0">
    <subfield code="a">&#x62A;&#x639;&#x644;&#x64A;&#x645; &#x627;&#x644;&#x62A;&#x641;&#x643;&#x64A;&#x631; / </subfield>
    <subfield code="c">&#x639;&#x627;&#x62F;&#x644; &#x639;&#x628;&#x62F;&#x627;&#x644;&#x643;&#x631;&#x64A;&#x645; &#x64A;&#x627;&#x633;&#x64A;&#x646;</subfield>
  </datafield>
  <datafield tag="700" ind1="1" ind2=" ">
    <subfield code="a">&#x62A;&#x648;&#x641;&#x64A;&#x642; &#x627;&#x62D;&#x645;&#x62F; &#x627;&#x644;&#x639;&#x645;&#x631;&#x649;</subfield>
  </datafield>
  <datafield tag="700" ind1="1" ind2=" ">
    <subfield code="a">&#x628;&#x648;&#x646;&#x648;&#x60C; &#x627;&#x62F;&#x648;&#x627;&#x631;&#x62F; &#x62F;&#x649;</subfield>
  </datafield>
  <datafield tag="700" ind1="1" ind2=" ">
    <subfield code="a">&#x627;&#x64A;&#x627;&#x62F; &#x627;&#x62D;&#x645;&#x62F; &#x645;&#x644;&#x62D;&#x645;</subfield>
  </datafield>
  <datafield tag="250" ind1=" " ind2=" ">
    <subfield code="a">&#x627;&#x644;&#x627;&#x648;&#x644;&#x649;</subfield>
  </datafield>
  <datafield tag="260" ind1=" " ind2=" ">
    <subfield code="a">&#x633;&#x648;&#x631;&#x64A;&#x627; : </subfield>
    <subfield code="b">&#x62F;&#x627;&#x631; &#x627;&#x644;&#x631;&#x636;&#x627; &#x644;&#x644;&#x646;&#x634;&#x631; &#x60C; </subfield>
    <subfield code="c">2001</subfield>
  </datafield>
  <datafield tag="300" ind1=" " ind2=" ">
    <subfield code="a">283 &#x635; &#x61B; </subfield>
    <subfield code="c">24 &#x633;&#x645;</subfield>
  </datafield>
  <datafield tag="490" ind1=" " ind2=" ">
    <subfield code="a">&#x633;&#x644;&#x633;&#x644;&#x629; &#x627;&#x644;&#x631;&#x636;&#x627; &#x644;&#x644;&#x645;&#x639;&#x644;&#x648;&#x645;&#x627;&#x62A;</subfield>
    <subfield code="v">157</subfield>
  </datafield>
  <datafield tag="650" ind1="0" ind2="4">
    <subfield code="a">&#x639;&#x644;&#x645; &#x627;&#x644;&#x646;&#x641;&#x633;</subfield>
  </datafield>
  <datafield tag="650" ind1="0" ind2="4">
    <subfield code="a">&#x639;&#x644;&#x645; &#x627;&#x644;&#x646;&#x641;&#x633; &#x627;&#x644;&#x62A;&#x631;&#x628;&#x648;&#x649;</subfield>
  </datafield>
  <datafield tag="650" ind1="0" ind2="4">
    <subfield code="a">&#x627;&#x644;&#x639;&#x642;&#x62F;</subfield>
  </datafield>
  <datafield tag="650" ind1="0" ind2="4">
    <subfield code="a">&#x627;&#x644;&#x62A;&#x641;&#x643;&#x64A;&#x631;</subfield>
  </datafield>
  <datafield tag="650" ind1="0" ind2="4">
    <subfield code="a">&#x627;&#x644;&#x645;&#x646;&#x637;&#x642;</subfield>
  </datafield>
  <datafield tag="650" ind1="0" ind2="4">
    <subfield code="a">&#x627;&#x644;&#x627;&#x62F;&#x631;&#x627;&#x643;</subfield>
  </datafield>
  <datafield tag="650" ind1="0" ind2="4">
    <subfield code="a">&#x627;&#x644;&#x627;&#x646;&#x62A;&#x628;&#x627;&#x647;</subfield>
  </datafield>
  <datafield tag="650" ind1="0" ind2="4">
    <subfield code="a">&#x627;&#x644;&#x627;&#x646;&#x645;&#x627;&#x637;</subfield>
  </datafield>
  <datafield tag="942" ind1=" " ind2=" ">
    <subfield code="2">ddc</subfield>
    <subfield code="c">BK</subfield>
  </datafield>
  <datafield tag="999" ind1=" " ind2=" ">
    <subfield code="c">9920</subfield>
    <subfield code="d">9920</subfield>
  </datafield>
  <datafield tag="952" ind1=" " ind2=" ">
    <subfield code="0">0</subfield>
    <subfield code="1">0</subfield>
    <subfield code="4">0</subfield>
    <subfield code="7">0</subfield>
    <subfield code="a">CAI</subfield>
    <subfield code="b">CAI</subfield>
    <subfield code="d">2014-03-26</subfield>
    <subfield code="l">0</subfield>
    <subfield code="o">153.34\&#x62F; &#x62A;</subfield>
    <subfield code="p">20431</subfield>
    <subfield code="r">2014-03-26 00:00:00</subfield>
    <subfield code="w">2014-03-26</subfield>
    <subfield code="y">BK</subfield>
  </datafield>
</record>
